000 00441nam a2200193Ia 4500
003 IT-RoPAU
008 120407s9999 xx 000 0 und d
040 _aIT-RoPAU
040 _cIT-RoPAU
100 _aFriedric Blass
245 _aGrammatica del greco del Nuovo Testamento
250 _aBrescia
260 _aPaideia
300 _c cm
490 _v1
600 _asolo il terzo volume
700 _aAlbert Debrunner
942 _cBK
999 _c9053
_d9053